Logo BPK

Biblioteka

Politechniki Koszalińskiej

Tempó! 1 : (Rekord nr 38102)

Szczegóły MARC
000 -ETYKIETA REKORDU
podpole kontrolne o stałej długości 00581nam a2200229 i 4500
001 - NUMER KONTROLNY REKORDU
pole kontrolne bg
020 ## - MIĘDZYNARODOWY ZNORMALIZOWANY NUMER KSIĄŻKI - ISBN
ISBN 2278048708
040 ## - ŹRÓDŁO KATALOGOWANIA
Instytucja, która utworzyła rekord BPK
041 0# - KOD JĘZYKA
Kod języka tekstu fr
080 ## - UNIWERSALNA KLASYFIKACJA DZIESIĘTNA - UKD
UKD 811.133.1(07)
920 ## - Międzynarodowy znormalizowany numer książki – ISBN
ISBN 2-278-04870-8
008 - POLE O STAŁEJ DŁUGOŚCI - DANE KONTROLNE
podpole kontrolne o stałej długości s pl f |000 0 pol
100 1# - NAZWA OSOBOWA
Nazwa osobowa BÉRARD, Évelyne
245 10 - TYTUŁ/ODPOWIEDZIALNOŚĆ
Tytuł Tempó! 1 :
Ciąg dalszy tytułu méthode de français.
260 ## - STREFA ADRESU WYDAWNICZEGO
Miejsce wydania Paris :
Nazwa wydawcy/dystrybutora Hatier :
-- Didier,
Data publikacji, dystrybucji/powstania dokumentu cop.1999.
300 ## - STREFA OPISU FIZYCZNEGO
Objętość 153 s. :
Inne cechy fizyczne il. kolor. ;
Rozmiary 28 cm.
650 #9 - HASŁO PRZEDMIOTOWE W FORMIE NAZWY OGÓLNEJ LUB JEDNOSTKOWEJ
Nazwa ogólna lub geograficzna Język francuski
655 ## - TERMIN INDEKSOWY - OKREŚLENIE RODZAJU/FORMY DOKUMENTU
Określenie rodzaju/formy dokumentu Podręczniki
700 1# - HASŁO DODATKOWE - NAZWA OSOBOWA
Nazwa osobowa CANIER, Yves
700 1# - HASŁO DODATKOWE - NAZWA OSOBOWA
Nazwa osobowa LAVENNE, Christian
856 ## - LOKALIZACJA I DOSTĘP DO ELEKTRONICZNYCH DOKUMENTÓW ZDALNYCH
Link (URL) http://koha.tu.koszalin.pl/cgi-bin/koha/opac-detail.pl?biblionumber=38102
Tekst linku Katalog online BPK
942 ## - DODATKOWE ELEMENTY (KOHA)
Typ dokumentu Książka
Egzemplarze
Wycofany Status egzemplarza Uszkodzony Dostępność Lokalizacja stała Lokalizacja bieżąca Miejsce przechowywania Sygnatura Kod kreskowy Typ dokumentu
      Dostępny Biblioteka Politechniki Koszalińskiej Biblioteka Politechniki Koszalińskiej Wypożyczalnia BG 54700 01504002 Książka
© 2023 Biblioteka Politechniki Koszalińskiej :: KOHA